00345nam a2200133 a 45000010010000000030011000100080041000210350026000620820016000881000022001042450020001262600047001466500018001930000-9020ELIB.Books110520 1984  a(ELIB.Books)0000-9169 a221.7 bCra aCraigie, Peter C. aTwelve Prophets bPhiladelphia: The Westminster Press c1984 aOld Testament